000 00896nam a2200253Ia 4500
003 OSt
005 20220930072838.0
006 a|||||r|||| 00| 0
007 ta
008 220926b |||||||| |||| 00| 0 eng d
024 _a25600
037 _cTheses
040 _aCRL
_cCRL
_beng
041 _2eng
_aeng
100 _aSerto Leban
_9530554
110 _aUniversity of Delhi. Faculty of Science. Department of Anthropology
_9144926
245 0 _aMorphological and physiological variation among drug user and non drug user adoloescent and adult males in the northeast India
_b A comparative study.
260 _c1999
650 _aANTHROPOLOGY
700 _a Dr. Satwanti Kapoor Supervisor
_9530555
700 _aUniversity of Delhi. Faculty of Science. Department of Anthropology
_9144928
942 _cDIS
_2CC
999 _c864382
_d864382